| 000 | 00000nam 2200000zi 4500 |
| 001 | 9.936889 |
| 003 | CaOODSP |
| 005 | 20251103145140 |
| 006 | m o d f |
| 007 | cr |n||||||||| |
| 008 | 240416e199710##onc o f000 0 fre d |
| 040 | |aCaOODSP|bfre|erda|cCaOODSP |
| 043 | |an-cn--- |
| 086 | 1 |aJ2-909/1997F-PDF |
| 245 | 00|aGuide des projets des règlements relatifs aux armes à feu. |
| 264 | 1|a[Ottawa] : |bMinistère de la Justice Canada = Department of Justice Canada, |coctobre 1997. |
| 300 | |a1 ressource en ligne (25 pages) |
| 336 | |atexte|btxt|2rdacontent/fre |
| 337 | |ainformatique|bc|2rdamedia/fre |
| 338 | |aressource en ligne|bcr|2rdacarrier/fre |
| 500 | |aPublié aussi en anglais sous le titre : Guide to proposed firearms regulations. |
| 500 | |aÉdition numérisée de l'imprimé [par Ministère de la Justice Canada]. |
| 500 | |aTitre de la couverture. |
| 650 | 6|aArmes à feu|xDroit|zCanada. |
| 650 | 6|aArmes à feu|xContrôle|zCanada. |
| 710 | 1 |aCanada. |bMinistère de la justice, |eorganisme de publication. |
| 775 | 08|tGuide to proposed firearms regulations.|w(CaOODSP)9.936890 |
| 856 | 40|qPDF|s214 Ko|uhttps://publications.gc.ca/collections/collection_2024/jus/J2-909-1997-fra.pdf |